000 00825nam a2200217Ia 4500
999 _c40257
_d40257
001 6865
003 GE_BSU
005 20200129154557.0
008 181216s1960||||ge |||||||||||||| ||g ||
040 _cGE_BSU
041 _ageo
080 _a821.353.1-1 გ-66
100 _aგომიაშვილი, ალექსანდრე.
_96494
245 _aლექსები ; ბალადები /
_cალექსანდრე გომიაშვილი ; რედ. ნ. ხომერიკი.
264 _aთბილისი :
_bსაბჭ.მწერალი,
_c1960.
300 _a220 გვ. ;
_c21 სმ.
653 _aლექსები
653 _aბალადები
700 _aხომერიკი, ნ.
_eრედაქტორი
_91720
942 _cBK
_2udc